000 00611nam a2200181 a 4500
001 000037696
005 20201002031113.0
008 121115s2012 dr 000 0 spa d
020 _a9789945868890
040 _aDO-SdBNP
_bspa
_cBNPHU
100 1 _aCarreras Aguilera, Pedro
_943438
245 1 3 _aLa escuela nueva :
_bideología y culto a Trujillo /
_cPedro Carreras Aguilera.
260 _aPuerto Plata :
_bEdiciones Renovación,
_c2012.
300 _a153 p. ;
_c24 cm.
500 _aIncluye notas al pie de páginas
504 _aBibliografía: p. 145-149
586 _aPremio Rufino Martínez, Género Ensayos
999 _c37186
_d37186